[Event "TUR-chT Clubs"]
[Site "Konya"]
[Date "2019.07.17"]
[Round "3.7"]
[White "Koc, Bugra Ege"]
[Black "Kaptan, Emre Akin"]
[Result "0-1"]
[WhiteElo "1493"]
[BlackElo "1883"]
[PlyCount "58"]
[EventDate "2019.07.16"]
[EventType "team-swiss"]
[EventRounds "9"]
[EventCountry "TUR"]
[SourceTitle "CBM 191 Extra"]
[Source "ChessBase"]
[SourceDate "2019.09.30"]
[SourceVersion "1"]
[SourceVersionDate "2019.09.30"]
[SourceQuality "1"]
[WhiteTeam "Yalova Beyaz Fil"]
[BlackTeam "Akcakoca Esentepe Okulu"]
[WhiteTeamCountry "TUR"]
[BlackTeamCountry "TUR"]

1. d4 Nf6 2. Nf3 e6 3. g3 d5 4. Bg2 Be7 5. 0-0 0-0 6. c4 b6 7. Nc3 Bb7 8. cxd5 exd5 9. Qc2 Nbd7 10. Rd1 Bd6 11. b3 Re8 12. Bb2 Qe7 13. e3 a6 14. Rac1 Rac8 15. Qb1 Ne4 16. Nxe4 dxe4 17. Nd2 b5 18. Qa1 f5 19. Nb1 Nf6 20. Nc3 Nd5 21. Nxd5 Bxd5 22. Qb1 g5 23. Bh3 Rf8 24. Qc2 Rf6 25. Qe2 Qf7 26. Bg2 Rf8 27. Rf1 Rh6 28. f3 Qh5 29. Rfd1 exf3 0-1

[Event "TUR-chT2"]
[Site "Konya"]
[Date "2018.07.12"]
[Round "4.6"]
[White "Demir, Umut Siar"]
[Black "Koc, Bugra Ege"]
[Result "1-0"]
[WhiteElo "1506"]
[BlackElo "1376"]
[PlyCount "21"]
[EventDate "2018.07.10"]
[EventType "team-swiss"]
[EventRounds "9"]
[EventCountry "TUR"]
[SourceTitle "EXT 2019"]
[Source "ChessBase"]
[SourceDate "2018.10.10"]
[SourceVersion "1"]
[SourceVersionDate "2018.10.10"]
[SourceQuality "1"]
[WhiteTeam "Derince Turgut"]
[BlackTeam "Yalova Beyaz Fil"]
[WhiteTeamCountry "TUR"]
[BlackTeamCountry "TUR"]

1. e4 g6 2. d4 Bg7 3. Nf3 d6 4. Nc3 a6 5. Be3 Nd7 6. Bc4 Ngf6 7. e5 Ng4 8. Bxf7+ Kxf7 9. Ng5+ Kg8 10. Qxg4 dxe5 11. Qe6+ 1-0

[Event "TUR-chT2"]
[Site "Konya"]
[Date "2018.07.12"]
[Round "5.16"]
[White "Lekealmaz, Emre"]
[Black "Koc, Bugra Ege"]
[Result "0-1"]
[WhiteElo "1183"]
[BlackElo "1376"]
[PlyCount "50"]
[EventDate "2018.07.10"]
[EventType "team-swiss"]
[EventRounds "9"]
[EventCountry "TUR"]
[SourceTitle "EXT 2019"]
[Source "ChessBase"]
[SourceDate "2018.10.10"]
[SourceVersion "1"]
[SourceVersionDate "2018.10.10"]
[SourceQuality "1"]
[WhiteTeam "Corum Merkez Yatili"]
[BlackTeam "Yalova Beyaz Fil"]
[WhiteTeamCountry "TUR"]
[BlackTeamCountry "TUR"]

1. e4 g6 2. Nf3 Bg7 3. Nc3 d6 4. d4 a6 5. Bc4 e6 6. 0-0 Ne7 7. e5 d5 8. Bd3 Nd7 9. Ne2 0-0 10. c4 dxc4 11. Bxc4 b5 12. Bb3 Bb7 13. Nf4 Re8 14. d5 Nxd5 15. Bxd5 Bxd5 16. Re1 Bxf3 17. Qxf3 Nxe5 18. Qg3 Nc4 19. Rb1 c5 20. b3 Nb6 21. h4 Nd5 22. Rd1 Nxf4 23. Bxf4 Qf6 24. Rbc1 e5 25. Be3 Qe6 0-1

[Event "TUR-chT2"]
[Site "Konya"]
[Date "2018.07.10"]
[Round "1.25"]
[White "Temizel, Omer"]
[Black "Koc, Bugra Ege"]
[Result "1/2-1/2"]
[WhiteElo "1185"]
[BlackElo "1376"]
[PlyCount "150"]
[EventDate "2018.07.10"]
[EventType "team-swiss"]
[EventRounds "9"]
[EventCountry "TUR"]
[SourceTitle "EXT 2019"]
[Source "ChessBase"]
[SourceDate "2018.10.10"]
[SourceVersion "1"]
[SourceVersionDate "2018.10.10"]
[SourceQuality "1"]
[WhiteTeam "Osmaniye Duzici Okyanus"]
[BlackTeam "Yalova Beyaz Fil"]
[WhiteTeamCountry "TUR"]
[BlackTeamCountry "TUR"]

1. g3 Nf6 2. Bg2 g6 3. Nf3 d5 4. d3 Bg7 5. Bg5 0-0 6. 0-0 c5 7. Qc1 Nc6 8. Nc3 e5 9. Nh4 Be6 10. a3 Rc8 11. e4 d4 12. Nd5 Bxd5 13. exd5 Ne7 14. c4 dxc3 15. bxc3 c4 16. dxc4 Rxc4 17. Rd1 Qa5 18. d6 Nc6 19. Qb2 Qb6 20. Qxb6 axb6 21. Rab1 Rxc3 22. Rxb6 Rxa3 23. Bxc6 bxc6 24. Rxc6 Ra7 25. Rc7 Raa8 26. f3 h6 27. Be3 Rfd8 28. Bc5 Nd7 29. Ng2 Nxc5 30. Rxc5 Rd7 31. Ne3 Bf8 32. Nc4 Rad8 33. Rxe5 Bxd6 34. Red5 Bc5+ 35. Rxc5 Rxd1+ 36. Kg2 Rc1 37. Rc6 Rd2+ 38. Nxd2 Rxc6 39. Kf2 Rc3 40. Ke2 Ra3 41. h4 Kg7 42. g4 Kf8 43. Nc4 Ra2+ 44. Nd2 Ra3 45. Nc4 Rc3 46. Nd2 Ke7 47. Ne4 Ra3 48. Kf2 Ke6 49. Kg3 Ke5 50. Nc5 Rc3 51. Ne4 Re3 52. Nf2 Kd4 53. g5 h5 54. Kf4 Re2 55. Ne4 Rh2 56. Kg3 Ra2 57. Nd6 Kd5 58. Nxf7 Ra7 59. Nh6 Ke6 60. Ng8 Rf7 61. Nf6 Rxf6 62. gxf6 Kf7 63. Kf4 Kxf6 64. Ke4 Ke6 65. Kf4 Kf6 66. Ke4 Ke6 67. Kd4 Kd6 68. Ke3 Ke7 69. Ke4 Ke6 70. f4 Kf6 71. Ke3 Ke6 72. Ke4 Kf6 73. Ke3 Ke6 74. Kf2 Kf6 75. Ke3 Ke6 1/2-1/2

[Event "EU-ch Amateur 1700"]
[Site "Niksic"]
[Date "2018.06.18"]
[Round "6"]
[White "Dorum, Doga Can"]
[Black "Koc, Bugra Ege"]
[Result "1-0"]
[WhiteElo "1609"]
[BlackElo "1352"]
[PlyCount "72"]
[EventDate "2018.06.14"]
[EventType "swiss"]
[EventRounds "9"]
[EventCountry "MNE"]
[SourceTitle "EXT 2019"]
[Source "ChessBase"]
[SourceDate "2018.10.10"]
[SourceVersion "1"]
[SourceVersionDate "2018.10.10"]
[SourceQuality "1"]

1. Nf3 Nf6 2. d4 g6 3. c4 d5 4. cxd5 Nxd5 5. e4 Nb6 6. h3 Bg7 7. Nc3 0-0 8. Be2 Nc6 9. Be3 e5 10. d5 Ne7 11. Qb3 c6 12. Rd1 cxd5 13. exd5 h6 14. 0-0 Kh7 15. Bc5 Bd7 16. Bd6 f6 17. Qa3 Rf7 18. g4 Nec8 19. Bb4 f5 20. Nh2 fxg4 21. hxg4 Rf4 22. f3 Nc4 23. Bxc4 Rxc4 24. Ne4 a5 25. Be1 b5 26. Bf2 Rc7 27. Qd3 Rb7 28. Rc1 b4 29. Rfd1 Bb5 30. Qc2 Nd6 31. b3 Nxe4 32. Qxe4 Rd7 33. Rc5 Ba6 34. Rc6 Rd6 35. Bb6 Qe7 36. Bc5 Rad8 1-0